| 000 | 00825cab a2200217 4500 | ||
|---|---|---|---|
| 001 | ABS40427 | ||
| 008 | 090401t1989 xxu||||| |||| 00| 0 eng d | ||
| 035 | _a(Sirsi) u23766 | ||
| 041 | _aeng | ||
| 100 | _aScott, A. | ||
| 245 | 2 | _aA decade of Oxford Street | |
| 260 | _c1989 | ||
| 350 | _a0 | ||
| 490 |
_aEstates Gazette _v(8908) 25 February 1989, 20-21(2) |
||
| 520 | _aProfile of the fortunes of Oxford Street over the last ten years, illustrating with details of various transactions. Includes graph indicating Zone A rental growths, distinguishing between west of Oxford Circus and East of Oxford Circus. Speculates on whether another crash is looming for this retail location. | ||
| 650 | _aINTEREST RATES | ||
| 650 | _aMARKET | ||
| 690 | _aPROPERTY-COMMERCIAL PROPERTY | ||
| 942 | _n0 | ||
| 948 | _c04/03/1997 | ||
| 999 |
_c15910 _d15910 |
||